LEADER 00715naa a2200157 i 4500 001 000000297440 003 CaOOAMICUS 005 20180831172604.0 008 180831n xx u000 u und u 013 $a4965 040 $aSeMil$bita 100 1 $aAuletta, Gennaro,$c.$0(OLS)http://semarc/name/17920 245 10$aSpinoza :$buna mistica al di là del discorso razionale. 600 14$aSpinoza, Benedetto <1632-1677>.$0(OLS)http://semarc/subject/906 773 0 $tFilosofia e mistica.$dRoma : Pontificio Ateneo S. Anselmo, 1997.$kStudia Anselmiana$kStudia Anselmiana. Philosophica$z88-8139-084-1$w()59107 996 $6245$aSpinoza :$buna mistica al di là del discorso razionale$9(OLS)http://semarc/title/373472 LEADER 01194nam a2200229 i 4500 001 000000010881 003 CaOOAMICUS 005 20240814120003.0 008 180830s2017 ne u000 u und u 040 $aSeMil$bita 245 10$aApocrypha armeniaca /$ccurante Association pour l'étude de la littérature apocryphe chrétienne. 260 $aTurnhout :$bBrepols,$c2017. 300 $av . ;$c25 cm. 490 1 $aCorpus Christianorum. Series Apocryphorum 650 4$aBibbia - Apocrifi - Testi.$0(OLS)http://semarc/subject/1120 650 4$aBibbia - Apocrifi - Commentari, studi, critica, interpretazioni.$0(OLS)http://semarc/subject/8747 710 0 $aAssociation pour l'étude de la littérature apocryphe chrétienne.$0(OLS)http://semarc/name/88 774 0 $t1: Acta Pauli et Theclae, Prodigia Theclae, Martyrium Pauli.$dTurnhout : Brepols, 2017.$kCorpus Christianorum. Series Apocryphorum$z978-2-503-56986-4$g1$w()256754 830 0$aCorpus Christianorum. Series Apocryphorum.$0(OLS)http://semarc/title/126 996 $6245$aApocrypha armeniaca$9(OLS)http://semarc/title/401249 996 $6260$aTurnhout :$bBrepols$9(OLS)http://semarc/publisher/29626